[Event "POL-chT 2nd League"]
[Site "Jastrzebia Gora"]
[Date "2022.09.08"]
[Round "6.90"]
[White "Mroziak, Maciej"]
[Black "Krzywicki, Dariusz"]
[Result "1/2-1/2"]
[WhiteElo "2352"]
[BlackElo "2110"]
[PlyCount "85"]
[EventDate "2022.09.03"]
[EventType "team-swiss"]
[EventRounds "9"]
[EventCountry "POL"]
[SourceTitle "CBM 210 Extra"]
[Source "ChessBase"]
[SourceDate "2022.11.30"]
[SourceVersion "1"]
[SourceVersionDate "2022.11.30"]
[SourceQuality "1"]
[WhiteTeam "Gliwice Politechnika Slaska"]
[BlackTeam "Olsztyn Trzydziestka"]
[WhiteTeamCountry "POL"]
[BlackTeamCountry "POL"]

1. e4 e6 2. d4 d5 3. Nd2 Nf6 4. e5 Nfd7 5. Bd3 c5 6. c3 Nc6 7. Ne2 a5 8. 0-0 a4 9. f4 cxd4 10. cxd4 a3 11. bxa3 Bxa3 12. Bxa3 Rxa3 13. Nb1 Ra8 14. Nbc3 Nb6 15. Nb5 0-0 16. Nd6 f5 17. Qd2 Ra4 18. Bb5 Ra7 19. Rfc1 Bd7 20. Rc5 Qa8 21. Nc3 Na5 22. Rb1 Bxb5 23. Ndxb5 Nbc4 24. Qf2 b6 25. Nxa7 bxc5 26. Nab5 cxd4 27. Nxd4 Re8 28. Ncb5 Qb7 29. h4 Qd7 30. Nf3 Rb8 31. a4 h6 32. Kh2 Nc6 33. Qc5 N6a5 34. Re1 Nb3 35. Qb4 Nba5 36. Rd1 Qd8 37. Rd3 Kh7 38. g3 Kg8 39. Nfd4 Qd7 40. Nf3 Qc6 41. Nfd4 Qd7 42. Nf3 Qc6 43. Nfd4 1/2-1/2

[Event "POL-chT 2nd League"]
[Site "Jastrzebia Gora"]
[Date "2022.09.05"]
[Round "3.48"]
[White "Krzywicki, Dariusz"]
[Black "Sapis, Witalis"]
[Result "1/2-1/2"]
[WhiteElo "2110"]
[BlackElo "2378"]
[PlyCount "36"]
[EventDate "2022.09.03"]
[EventType "team-swiss"]
[EventRounds "9"]
[EventCountry "POL"]
[SourceTitle "CBM 210 Extra"]
[Source "ChessBase"]
[SourceDate "2022.11.30"]
[SourceVersion "1"]
[SourceVersionDate "2022.11.30"]
[SourceQuality "1"]
[WhiteTeam "Olsztyn Trzydziestka"]
[BlackTeam "Grzybowo GKSz Solny"]
[WhiteTeamCountry "POL"]
[BlackTeamCountry "POL"]

1. Nf3 d5 2. g3 Nf6 3. Bg2 c6 4. 0-0 Bg4 5. d3 Nbd7 6. Qe1 e5 7. e4 dxe4 8. dxe4 Bc5 9. Nbd2 0-0 10. Nc4 Qc7 11. a4 a5 12. h3 Bxf3 13. Bxf3 Rfe8 14. Kg2 Nf8 15. Bg5 N6d7 16. Bg4 Ne6 17. Bxe6 Rxe6 18. Qe2 Nb6 1/2-1/2

[Event "Olsztyn-ch"]
[Site "Olsztyn"]
[Date "2008.04.27"]
[Round "9.5"]
[White "Reza, Wojciech"]
[Black "Krzywicki, Dariusz"]
[Result "0-1"]
[WhiteElo "1866"]
[BlackElo "2234"]
[PlyCount "116"]
[EventDate "2008.04.19"]
[EventType "swiss"]
[EventRounds "9"]
[EventCountry "POL"]
[SourceTitle "EXT 2023"]
[Source "ChessBase"]
[SourceDate "2022.10.05"]
[SourceVersion "1"]
[SourceVersionDate "2022.10.05"]
[SourceQuality "1"]

1. d4 Nf6 2. Bg5 Ne4 3. Bf4 c5 4. f3 Nf6 5. dxc5 Qa5+ 6. Nc3 Qxc5 7. e4 d6 8. Qd2 g6 9. 0-0-0 Bg7 10. Bh6 0-0 11. h4 Be6 12. Bxg7 Kxg7 13. h5 Nbd7 14. hxg6 fxg6 15. Qh6+ Kg8 16. Nge2 Rac8 17. Nf4 Bf7 18. Nfd5 Bxd5 19. Rxd5 Qf2 20. Rg5 Ne5 21. Bd3 Kf7 22. Rd1 Rxc3 23. bxc3 Rc8 24. Rxe5 dxe5 25. Qd2 Qc5 26. Kb2 Rc6 27. Rb1 Rb6+ 28. Ka1 Rxb1+ 29. Kxb1 Kg7 30. Kb2 Nd7 31. Bc4 Qd6 32. Qd5 Qxd5 33. Bxd5 Nc5 34. Kc1 h5 35. Kd2 Kf6 36. Ke3 g5 37. Bc4 h4 38. Bd3 Ke6 39. Bc4+ Kd6 40. Bb3 Nd7 41. Bc4 Nf6 42. Be2 Nh5 43. Kf2 Kc5 44. Bd3 b5 45. Bf1 Ng3 46. Bd3 a5 47. a3 Nh5 48. Be2 Nf4 49. Bd3 Nh5 50. Be2 Nf6 51. g3 Nh5 52. gxh4 gxh4 53. Bf1 Nf4 54. Bd3 b4 55. cxb4+ axb4 56. axb4+ Kxb4 57. Bf1 Kc3 58. Kg1 Kxc2 0-1

[Event "Olsztyn-ch"]
[Site "Olsztyn"]
[Date "2008.04.26"]
[Round "7.1"]
[White "Budrewicz, Krzysztof"]
[Black "Krzywicki, Dariusz"]
[Result "1-0"]
[WhiteElo "2324"]
[BlackElo "2234"]
[PlyCount "67"]
[EventDate "2008.04.19"]
[EventType "swiss"]
[EventRounds "9"]
[EventCountry "POL"]
[SourceTitle "EXT 2023"]
[Source "ChessBase"]
[SourceDate "2022.10.05"]
[SourceVersion "1"]
[SourceVersionDate "2022.10.05"]
[SourceQuality "1"]

1. d4 Nf6 2. c4 c5 3. d5 b5 4. Nf3 g6 5. Qc2 Bg7 6. e4 d6 7. cxb5 a6 8. Nc3 0-0 9. a4 e6 10. Ra3 exd5 11. exd5 Re8+ 12. Be2 Bf5 13. Qd1 axb5 14. Nxb5 Be4 15. 0-0 Bxd5 16. Bf4 Ra6 17. Nc3 Rb6 18. Nxd5 Nxd5 19. Bg5 Nf6 20. Bb5 Re6 21. Bc4 Re8 22. a5 Rb4 23. a6 Nbd7 24. Bd5 Nb6 25. Bc6 Re6 26. a7 Na8 27. Bxf6 Rxf6 28. Qd5 Rf5 29. Bxa8 Bxb2 30. Ra2 Kg7 31. Qc6 Rb6 32. Qe4 Rb4 33. Qxb4 cxb4 34. Bc6 1-0

[Event "POL-chT 58th 1st League"]
[Site "Ustron"]
[Date "2002.??.??"]
[Round "?"]
[White "Krzywicki, Dariusz"]
[Black "Dobrowolski, Aleksander"]
[Result "0-1"]
[WhiteElo "2245"]
[BlackElo "2252"]
[PlyCount "46"]
[EventDate "2002.09.07"]
[EventType "team-tourn"]
[EventRounds "9"]
[EventCountry "POL"]
[SourceTitle "EXT 2019"]
[Source "ChessBase"]
[SourceDate "2018.10.10"]
[SourceVersion "1"]
[SourceVersionDate "2018.10.10"]
[SourceQuality "1"]
[WhiteTeam "Olsztyn Lacznosc"]
[BlackTeam "Wroclaw Polonia"]
[WhiteTeamCountry "POL"]
[BlackTeamCountry "POL"]

1. Nf3 c5 2. g3 Nc6 3. Bg2 e5 4. 0-0 d5 5. c4 Nf6 6. cxd5 Nxd5 7. Nc3 Be6 8. Ng5 Qxg5 9. Nxd5 Qd8 10. Ne3 Rc8 11. d3 Qd7 12. f4 exf4 13. gxf4 f5 14. Bd2 Be7 15. Bc3 0-0 16. Nc4 b5 17. Ne5 Nxe5 18. Bxe5 Bd6 19. Bc3 b4 20. Bd2 c4 21. Be3 c3 22. bxc3 bxc3 23. Qc2 Ba3 0-1

[Event "POL-chT 58th 1st League"]
[Site "Ustron"]
[Date "2002.??.??"]
[Round "?"]
[White "Krzywicki, Dariusz"]
[Black "Stryjecki, Marek"]
[Result "0-1"]
[WhiteElo "2245"]
[BlackElo "2445"]
[PlyCount "68"]
[EventDate "2002.09.07"]
[EventType "team-tourn"]
[EventRounds "9"]
[EventCountry "POL"]
[SourceTitle "EXT 2019"]
[Source "ChessBase"]
[SourceDate "2018.10.10"]
[SourceVersion "1"]
[SourceVersionDate "2018.10.10"]
[SourceQuality "1"]
[WhiteTeam "Olsztyn Lacznosc"]
[BlackTeam "Raciborz Rzemioslo"]
[WhiteTeamCountry "POL"]
[BlackTeamCountry "POL"]

1. d4 g6 2. e4 Bg7 3. Nc3 a6 4. a4 d6 5. Nge2 Nc6 6. Be3 e5 7. h3 Nf6 8. g3 d5 9. dxe5 Nxe5 10. Bg2 Nc4 11. Bd4 Nxb2 12. Qc1 Nc4 13. Nxd5 0-0 14. Bxf6 Bxf6 15. Nxf6+ Qxf6 16. 0-0 Bd7 17. Rb1 Bc6 18. Nf4 Rad8 19. Nd5 Bxd5 20. exd5 b6 21. Rd1 a5 22. Bf1 Nd6 23. Re1 Rfe8 24. Bb5 Nxb5 25. Rxb5 Qd4 26. Rb3 Qxd5 27. Rd3 Qc6 28. Rxd8 Rxd8 29. Qf4 Qd6 30. Qh6 Qd7 31. Qf4 h5 32. Kh2 Qd6 33. Re5 Kg7 34. Qe3 Qd4 0-1

[Event "Polanica Zdroj op"]
[Site "Polanica Zdroj"]
[Date "1995.??.??"]
[Round "9"]
[White "Krzywicki, Dariusz"]
[Black "Borkowski, Franciszek"]
[Result "1-0"]
[WhiteElo "2320"]
[BlackElo "2425"]
[PlyCount "54"]
[EventDate "1995.08.??"]
[EventType "swiss"]
[EventRounds "10"]
[EventCountry "POL"]
[SourceTitle "EXT 1997"]
[Source "ChessBase"]
[SourceDate "1996.11.15"]
[SourceVersion "1"]
[SourceVersionDate "1996.11.15"]
[SourceQuality "1"]

1. Nf3 g6 2. c4 Bg7 3. d4 d6 4. Nc3 Nf6 5. e4 0-0 6. Be2 e5 7. 0-0 Nc6 8. d5 Ne7 9. Nd2 Nd7 10. b4 f5 11. c5 Nf6 12. f3 f4 13. a4 g5 14. Ba3 Ng6 15. b5 Rf7 16. Nc4 Bf8 17. b6 cxb6 18. cxd6 h5 19. Nb5 Ne8 20. Rc1 Qf6 21. Rc2 Bd7 22. Qa1 g4 23. Bb2 Bg7 24. Nc7 Rc8 25. Ne6 Nxd6 26. Rfc1 Nxc4 27. Bxc4 Kh7 1-0

[Event "Polanica Zdroj op"]
[Site "Polanica Zdroj"]
[Date "1994.??.??"]
[Round "?"]
[White "Bartosik, Piotr"]
[Black "Krzywicki, Dariusz"]
[Result "1/2-1/2"]
[WhiteElo "2230"]
[BlackElo "2290"]
[PlyCount "31"]
[EventDate "1994.??.??"]
[EventType "swiss"]
[EventRounds "10"]
[EventCountry "POL"]
[SourceTitle "EXT 1998"]
[Source "ChessBase"]
[SourceDate "1997.11.17"]
[SourceVersion "1"]
[SourceVersionDate "1997.11.17"]
[SourceQuality "1"]

1. e4 c5 2. c3 d5 3. exd5 Qxd5 4. d4 Nc6 5. dxc5 Qxd1+ 6. Kxd1 Nf6 7. f3 Bf5 8. Be3 e6 9. Nd2 0-0-0 10. Ne2 Be7 11. Nd4 Nxd4 12. Bxd4 e5 13. Bf2 Nd5 14. Ke1 Kb8 15. Rd1 Nf4 16. Ne4 1/2-1/2

[Event "Polanica Zdroj op"]
[Site "Polanica Zdroj"]
[Date "1994.??.??"]
[Round "?"]
[White "Hnydiuk, Aleksander"]
[Black "Krzywicki, Dariusz"]
[Result "0-1"]
[WhiteElo "2220"]
[BlackElo "2290"]
[PlyCount "105"]
[EventDate "1994.??.??"]
[EventType "swiss"]
[EventRounds "10"]
[EventCountry "POL"]
[SourceTitle "EXT 1998"]
[Source "ChessBase"]
[SourceDate "1997.11.17"]
[SourceVersion "1"]
[SourceVersionDate "1997.11.17"]
[SourceQuality "1"]

1. e4 c5 2. Nf3 e6 3. d4 cxd4 4. Nxd4 Nc6 5. Nc3 Qc7 6. g3 a6 7. Bg2 Nf6 8. 0-0 Be7 9. Be3 0-0 10. a4 Na5 11. Qe2 Re8 12. Rad1 d6 13. h3 Rb8 14. g4 b6 15. g5 Nd7 16. h4 Bb7 17. h5 g6 18. hxg6 hxg6 19. Qg4 Bf8 20. f4 Bg7 21. Kh1 Rbc8 22. Rf2 Nc4 23. Bc1 Qc5 24. Nce2 b5 25. axb5 axb5 26. Qg3 b4 27. b3 Na3 28. Be3 Qa5 29. e5 Bxg2+ 30. Qxg2 dxe5 31. Nc6 Qc7 32. Nxb4 Red8 33. c4 Nc5 34. Ra1 exf4 35. Bxf4 Qa5 36. Nc6 Rxc6 37. Qxc6 Bxa1 38. Bc7 Qa8 39. Qxa8 Rxa8 40. b4 Nd3 41. Rf3 Nxb4 42. Bd6 Nac2 43. Rf4 Bg7 44. c5 Bf8 45. Re4 Bxd6 46. cxd6 Rd8 47. Ng3 Rxd6 48. Rc4 Rd3 49. Rc8+ Kg7 50. Ne4 Rf3 51. Nf6 Rxf6 52. gxf6+ Kxf6 53. Kh2 0-1

[Event "Polanica Zdroj op"]
[Site "Polanica Zdroj"]
[Date "1994.??.??"]
[Round "?"]
[White "Krzywicki, Dariusz"]
[Black "Ryskin, Alexander"]
[Result "1/2-1/2"]
[WhiteElo "2290"]
[BlackElo "2500"]
[PlyCount "41"]
[EventDate "1994.??.??"]
[EventType "swiss"]
[EventRounds "10"]
[EventCountry "POL"]
[SourceTitle "EXT 1998"]
[Source "ChessBase"]
[SourceDate "1997.11.17"]
[SourceVersion "1"]
[SourceVersionDate "1997.11.17"]
[SourceQuality "1"]

1. e4 c5 2. d4 cxd4 3. c3 dxc3 4. Nxc3 Nc6 5. Nf3 d6 6. Bc4 e6 7. 0-0 Be7 8. Qe2 Nf6 9. Rd1 e5 10. Be3 0-0 11. Rac1 Bg4 12. h3 Bh5 13. g4 Bg6 14. Bc5 Rc8 15. Bd5 Nxd5 16. Rxd5 Qc7 17. Nb5 Qa5 18. Nxd6 Bxd6 19. Bxd6 Nd4 20. Nxd4 Rxc1+ 21. Kh2 1/2-1/2

[Event "Warsaw op"]
[Site "Warsaw"]
[Date "1993.??.??"]
[Round "5"]
[White "Krzywicki, Dariusz"]
[Black "Adamski, Jan"]
[Result "1/2-1/2"]
[WhiteElo "2305"]
[BlackElo "2410"]
[PlyCount "36"]
[EventDate "1993.??.??"]
[EventType "swiss"]
[EventRounds "9"]
[EventCountry "POL"]
[SourceTitle "TD"]
[Source "ChessBase"]
[SourceDate "1994.03.01"]
[SourceVersion "1"]
[SourceVersionDate "1994.03.01"]
[SourceQuality "1"]

1. Nf3 Nf6 2. g3 b6 3. Bg2 Bb7 4. 0-0 g6 5. c4 c5 6. b3 Bg7 7. Bb2 0-0 8. Nc3 Na6 9. Rc1 d5 10. Nxd5 Nxd5 11. Bxg7 Kxg7 12. cxd5 Qxd5 13. d4 Rfd8 14. dxc5 Nxc5 15. Qc2 Qf5 16. Qxf5 gxf5 17. Rfd1 Kf6 18. Nd4 Bxg2 1/2-1/2

[Event "Warsaw op"]
[Site "Warsaw"]
[Date "1993.??.??"]
[Round "9"]
[White "Krzywicki, Dariusz"]
[Black "Czerwonski, Aleksander"]
[Result "0-1"]
[WhiteElo "2305"]
[BlackElo "2370"]
[PlyCount "114"]
[EventDate "1993.??.??"]
[EventType "swiss"]
[EventRounds "9"]
[EventCountry "POL"]
[SourceTitle "TD"]
[Source "ChessBase"]
[SourceDate "1994.03.01"]
[SourceVersion "1"]
[SourceVersionDate "1994.03.01"]
[SourceQuality "1"]

1. Nf3 d6 2. c4 e5 3. Nc3 f5 4. d3 Nf6 5. g3 g6 6. Bg2 Bg7 7. Rb1 0-0 8. Bg5 h6 9. Bxf6 Bxf6 10. 0-0 c6 11. Nd2 Be6 12. Qc2 Nd7 13. b4 Kg7 14. Rfc1 h5 15. b5 Rc8 16. bxc6 bxc6 17. Qa4 Bg5 18. Rc2 Bxd2 19. Rxd2 Qg5 20. Rdb2 Nc5 21. Qa5 Rf7 22. Na4 Nxa4 23. Qxa4 f4 24. Rb7 fxg3 25. Rxf7+ Bxf7 26. hxg3 h4 27. gxh4 Qd2 28. Kf1 d5 29. Rd1 Qf4 30. Qxa7 dxc4 31. dxc4 Rd8 32. Re1 Qxc4 33. Qe7 Re8 34. Qd6 Re6 35. Qd7 Qxh4 36. Qc7 Rf6 37. Qa7 Qf4 38. a3 Kh6 39. Qc5 Bd5 40. Bxd5 cxd5 41. Qc1 Kg5 42. Rd1 d4 43. a4 Ra6 44. Qxf4+ Kxf4 45. Ra1 Ra5 46. f3 g5 47. Kf2 g4 48. fxg4 Kxg4 49. Ra3 e4 50. Kg2 e3 51. Ra2 Kf4 52. Ra1 Rg5+ 53. Kf1 Kg3 54. Kg1 d3 55. exd3 e2 56. d4 Kf3+ 57. Kh2 Kf2 0-1

[Event "Warsaw op"]
[Site "Warsaw"]
[Date "1993.??.??"]
[Round "6"]
[White "Shvedchikov, Anatoli I"]
[Black "Krzywicki, Dariusz"]
[Result "1-0"]
[WhiteElo "2405"]
[BlackElo "2305"]
[PlyCount "87"]
[EventDate "1993.??.??"]
[EventType "swiss"]
[EventRounds "9"]
[EventCountry "POL"]
[SourceTitle "TD"]
[Source "ChessBase"]
[SourceDate "1994.03.01"]
[SourceVersion "1"]
[SourceVersionDate "1994.03.01"]
[SourceQuality "1"]

1. c4 Nf6 2. Nc3 e6 3. Nf3 Bb4 4. g3 b6 5. Bg2 Bb7 6. 0-0 0-0 7. Qc2 d5 8. b3 Nbd7 9. Bb2 Rc8 10. Rfd1 c6 11. d4 Qc7 12. Rac1 Rfd8 13. a3 Be7 14. Qb1 Qb8 15. e4 Nxe4 16. Nxe4 dxe4 17. Qxe4 c5 18. Qe3 Bf6 19. Rd2 Bxf3 20. Bxf3 cxd4 21. Bxd4 Bxd4 22. Rxd4 Ne5 23. Rxd8+ Rxd8 24. Be4 Ng4 25. Qe2 Nf6 26. Bf3 Rd4 27. b4 e5 28. Qe3 h6 29. c5 bxc5 30. bxc5 Qc7 31. c6 Nd5 32. Qe2 Nb6 33. Rc5 f6 34. Be4 Qd6 35. Rc2 Qc7 36. Qf3 Kf8 37. h4 Kg8 38. Qf5 Kf8 39. Kg2 Nd5 40. Qh7 Qd6 41. Bg6 Ne7 42. Qh8+ Ng8 43. c7 Qd5+ 44. Kh2 1-0

[Event "Ostrava op"]
[Site "Ostrava"]
[Date "1992.??.??"]
[Round "5"]
[White "Krzywicki, Dariusz"]
[Black "Guliev, Sarhan"]
[Result "0-1"]
[WhiteElo "2275"]
[BlackElo "2405"]
[PlyCount "102"]
[EventDate "1992.??.??"]
[EventType "swiss"]
[EventRounds "9"]
[EventCountry "CZE"]
[SourceTitle "EXT 1997"]
[Source "ChessBase"]
[SourceDate "1996.11.15"]
[SourceVersion "1"]
[SourceVersionDate "1996.11.15"]
[SourceQuality "1"]

1. Nf3 d5 2. c4 c6 3. g3 Nf6 4. Bg2 Bf5 5. cxd5 cxd5 6. Qb3 Qb6 7. Qxb6 axb6 8. Nc3 Bd7 9. Nd4 e6 10. d3 Bc5 11. Nb3 0-0 12. 0-0 Nc6 13. Bf4 Rfc8 14. Rfd1 h6 15. Kf1 e5 16. Bd2 Be6 17. f4 exf4 18. Bxf4 g5 19. Bd2 Rd8 20. Rdc1 Ng4 21. Nxc5 bxc5 22. Nb5 b6 23. Kg1 Rac8 24. a3 c4 25. h3 Nge5 26. d4 Ng6 27. Re1 f5 28. Rab1 Na5 29. Bxa5 bxa5 30. b3 h5 31. e3 h4 32. gxh4 Nxh4 33. Rec1 Bf7 34. bxc4 dxc4 35. Kf2 Rd7 36. Bf1 Kg7 37. a4 f4 38. exf4 gxf4 39. Rc3 Nf5 40. Rbc1 Ne3 41. Be2 Be6 42. h4 Kf6 43. Rg1 Rh8 44. h5 Bf7 45. Rcc1 Bxh5 46. Bxc4 Bg4 47. Bf1 Rh2+ 48. Ke1 Re7 49. Rc6+ Kg5 50. Rc5+ Nd5+ 51. Be2 Rexe2+ 0-1

[Event "Pardubice op"]
[Site "Pardubice"]
[Date "1992.??.??"]
[Round "9"]
[White "Krzywicki, Dariusz"]
[Black "Mojzis, Jaroslav"]
[Result "1/2-1/2"]
[WhiteElo "2335"]
[BlackElo "2220"]
[PlyCount "115"]
[EventDate "1992.07.??"]
[EventType "swiss"]
[EventRounds "9"]
[EventCountry "CZE"]
[SourceTitle "EXT 2000"]
[Source "ChessBase"]
[SourceDate "1999.11.16"]
[SourceVersion "1"]
[SourceVersionDate "1999.11.16"]
[SourceQuality "1"]

1. e4 e5 2. Nf3 Nc6 3. Bb5 a6 4. Bxc6 dxc6 5. 0-0 Bd6 6. d4 exd4 7. Qxd4 f6 8. Re1 Ne7 9. b3 Ng6 10. Ba3 Ne5 11. Nfd2 0-0 12. Bxd6 Qxd6 13. Qxd6 cxd6 14. Nc3 Be6 15. Rad1 f5 16. f4 Nd7 17. Nf3 fxe4 18. Nxe4 d5 19. Nf2 Rae8 20. Nd4 Bf7 21. b4 Nf6 22. g3 Rxe1+ 23. Rxe1 Re8 24. Rxe8+ Bxe8 25. Kf1 b6 26. Nb3 Bg6 27. c3 Bc2 28. Nd4 Ba4 29. Ke1 g6 30. Kd2 Kf7 31. g4 c5 32. Nf3 Ke6 33. h4 d4 34. bxc5 dxc3+ 35. Kxc3 bxc5 36. Nd3 Kd6 37. g5 Ne4+ 38. Kb2 Kd5 39. Kc1 a5 40. h5 gxh5 41. f5 Nd6 42. g6 hxg6 43. fxg6 Nf5 44. Nf4+ Ke4 45. Nxh5 Kxf3 46. g7 Nxg7 47. Nxg7 Bd7 48. Kd2 Ke4 49. Kc3 Kd5 50. Nh5 Kc6 51. Ng3 Kd5 52. Ne2 Bf5 53. Nc1 a4 54. a3 Bb1 55. Kb2 Be4 56. Kc3 Kc6 57. Ne2 Kb5 58. Nd4+ 1/2-1/2

[Event "Wisla BES op"]
[Site "Wisla"]
[Date "1992.??.??"]
[Round "8"]
[White "Krzywicki, Dariusz"]
[Black "Wojtkiewicz, Aleksander"]
[Result "0-1"]
[WhiteElo "2275"]
[BlackElo "2495"]
[PlyCount "66"]
[EventDate "1992.??.??"]
[EventType "swiss"]
[EventRounds "9"]
[EventCountry "POL"]
[SourceTitle "TD"]
[Source "ChessBase"]
[SourceDate "1994.03.01"]
[SourceVersion "1"]
[SourceVersionDate "1994.03.01"]
[SourceQuality "1"]

1. Nf3 c5 2. g3 b6 3. Bg2 Bb7 4. 0-0 g6 5. c4 Bg7 6. Nc3 Nf6 7. d4 cxd4 8. Nxd4 Bxg2 9. Kxg2 Qc7 10. b3 Qb7+ 11. f3 0-0 12. e4 d6 13. Bb2 Nbd7 14. Qd2 a6 15. Rad1 Rfe8 16. Rfe1 Rac8 17. Re2 Nc5 18. Ree1 Nfd7 19. Qc2 Ne5 20. Rd2 Bh6 21. Rdd1 e6 22. h4 f5 23. h5 f4 24. g4 gxh5 25. gxh5 Qe7 26. Rg1 Kf7 27. Kh1 Ncd3 28. Rg2 Rg8 29. Rdg1 Nxb2 30. Qxb2 Qh4+ 31. Rh2 Rxg1+ 32. Kxg1 Qe1+ 33. Kg2 Rg8+ 0-1

[Event "Wisla BES op"]
[Site "Wisla"]
[Date "1992.??.??"]
[Round "6"]
[White "Maciejewski, Andrzej"]
[Black "Krzywicki, Dariusz"]
[Result "1/2-1/2"]
[WhiteElo "2350"]
[BlackElo "2275"]
[PlyCount "82"]
[EventDate "1992.??.??"]
[EventType "swiss"]
[EventRounds "9"]
[EventCountry "POL"]
[SourceTitle "TD"]
[Source "ChessBase"]
[SourceDate "1994.03.01"]
[SourceVersion "1"]
[SourceVersionDate "1994.03.01"]
[SourceQuality "1"]

1. Nf3 g6 2. g3 Bg7 3. Bg2 Nf6 4. 0-0 d6 5. d4 c6 6. b3 0-0 7. Bb2 b5 8. Nbd2 a5 9. a4 Bb7 10. e4 Nfd7 11. Re1 e5 12. Qe2 Qb6 13. dxe5 dxe5 14. Bf1 b4 15. Nc4 Qc7 16. Rad1 Ba6 17. Qe3 Bxc4 18. Bxc4 Re8 19. h4 Nb6 20. Qe2 N8d7 21. h5 Bf8 22. hxg6 hxg6 23. Kg2 Nxc4 24. Qxc4 Nb6 25. Qe2 c5 26. Rh1 c4 27. Ng5 Bg7 28. Bc1 Nd7 29. Qg4 Nf8 30. Qh4 cxb3 31. cxb3 Rad8 32. Rxd8 Qxd8 33. Be3 Qd7 34. Rc1 Rc8 35. Rxc8 Qxc8 36. Qh1 Qc2 37. Qc1 Qxc1 38. Bxc1 Bh6 39. f4 Nd7 40. Be3 Bf8 41. Nf3 f6 1/2-1/2

[Event "Wisla BES op"]
[Site "Wisla"]
[Date "1992.??.??"]
[Round "9"]
[White "Maciejewski, Miroslaw"]
[Black "Krzywicki, Dariusz"]
[Result "1-0"]
[WhiteElo "2330"]
[BlackElo "2275"]
[PlyCount "67"]
[EventDate "1992.??.??"]
[EventType "swiss"]
[EventRounds "9"]
[EventCountry "POL"]
[SourceTitle "TD"]
[Source "ChessBase"]
[SourceDate "1994.03.01"]
[SourceVersion "1"]
[SourceVersionDate "1994.03.01"]
[SourceQuality "1"]

1. e4 c5 2. Nf3 e6 3. d4 cxd4 4. Nxd4 a6 5. c4 Nf6 6. Nc3 Qc7 7. Be3 Bb4 8. Bd3 Bxc3+ 9. bxc3 d6 10. 0-0 Nbd7 11. f4 Nc5 12. e5 Nxd3 13. exf6 Qxc4 14. fxg7 Rg8 15. f5 Rxg7 16. fxe6 Bxe6 17. Nxe6 fxe6 18. Qh5+ Kd7 19. Rf7+ Rxf7 20. Qxf7+ Kc6 21. Rb1 b5 22. Qxh7 e5 23. Rf1 Nf4 24. Bxf4 exf4 25. Qf5 Re8 26. h4 Qxc3 27. Qxf4 Re1 28. Rxe1 Qxe1+ 29. Kh2 d5 30. h5 Qe2 31. Qf5 d4 32. h6 Qe3 33. Qf6+ Kc5 34. h7 1-0

[Event "Wisla BES op"]
[Site "Wisla"]
[Date "1992.??.??"]
[Round "7"]
[White "Markowski, Tomasz"]
[Black "Krzywicki, Dariusz"]
[Result "0-1"]
[WhiteElo "2320"]
[BlackElo "2275"]
[PlyCount "146"]
[EventDate "1992.??.??"]
[EventType "swiss"]
[EventRounds "9"]
[EventCountry "POL"]
[SourceTitle "TD"]
[Source "ChessBase"]
[SourceDate "1994.03.01"]
[SourceVersion "1"]
[SourceVersionDate "1994.03.01"]
[SourceQuality "1"]

1. e4 c5 2. Nf3 e6 3. d3 Nc6 4. g3 Nf6 5. Bg2 d5 6. Nbd2 Be7 7. 0-0 b6 8. c3 Bb7 9. Qe2 Qc7 10. a3 h6 11. h4 0-0-0 12. Re1 Ba6 13. e5 Nd7 14. b4 g5 15. hxg5 hxg5 16. g4 f6 17. exf6 Bxf6 18. Rb1 Nce5 19. b5 Bb7 20. d4 Nxg4 21. Qxe6 Nh2 22. Nf1 Nxf3+ 23. Bxf3 cxd4 24. cxd4 Bxd4 25. Bg4 Qc2 26. Be3 Qh7 27. Rbc1+ Kb8 28. Bf3 Nc5 29. Qg4 Bxe3 30. fxe3 d4 31. exd4 Nd3 32. Qg3+ Nf4 33. d5 Bxd5 34. Rcd1 Bxf3 35. Rxd8+ Rxd8 36. Qxf3 Nh3+ 37. Kg2 Nf4+ 38. Kg1 Rf8 39. Re3 Qf5 40. Nh2 Qxb5 41. Qe4 Rc8 42. Nf3 Rc1+ 43. Ne1 Qd5 44. Qe8+ Rc8 45. Qe7 Rc7 46. Qe8+ Kb7 47. Kf2 a5 48. Kg3 Rh7 49. Re7+ Rxe7 50. Qxe7+ Kc6 51. Nf3 Ne6 52. Qe8+ Kc7 53. a4 Qd6+ 54. Kf2 Qc5+ 55. Kg2 Qc6 56. Qg8 Nf4+ 57. Kg3 Ne6 58. Kg2 Kb7 59. Kf2 Qc5+ 60. Kg3 Qc7+ 61. Kf2 Qd7 62. Kg3 Ka7 63. Kf2 Nc5 64. Nxg5 Qd2+ 65. Kf3 Qd3+ 66. Kf4 Qd4+ 67. Kf5 Qd7+ 68. Ke5 Qxa4 69. Qf7+ Ka6 70. Nf3 Qe4+ 71. Kd6 a4 72. Ne5 Nb7+ 73. Ke6 Nd8+ 0-1

[Event "POL-chB"]
[Site "Bielsko Biala"]
[Date "1991.??.??"]
[Round "9"]
[White "Krzywicki, Dariusz"]
[Black "Kujawski, Adam"]
[Result "1/2-1/2"]
[WhiteElo "2245"]
[BlackElo "2310"]
[PlyCount "91"]
[EventDate "1991.??.??"]
[EventType "swiss"]
[EventRounds "11"]
[EventCountry "POL"]
[SourceTitle "EXT 1997"]
[Source "ChessBase"]
[SourceDate "1996.11.15"]
[SourceVersion "1"]
[SourceVersionDate "1996.11.15"]
[SourceQuality "1"]

1. Nf3 Nf6 2. c4 c5 3. Nc3 g6 4. g3 d5 5. cxd5 Nxd5 6. Nxd5 Qxd5 7. Bg2 Bg7 8. 0-0 0-0 9. d3 Nc6 10. Be3 Bd7 11. Nd4 Qd6 12. Nxc6 Bxc6 13. Bxc6 Qxc6 14. Rc1 Qe6 15. Rxc5 Qxa2 16. Rb5 Qa6 17. Qb3 b6 18. Rb4 Rfc8 19. Ra4 Qb7 20. Rfa1 e5 21. Ra6 Bf8 22. R6a5 Bd6 23. Ra6 Bc5 24. Bxc5 Rxc5 25. f3 Qc7 26. Kf2 Rc2 27. Qb4 Kg7 28. R1a3 Qd7 29. Rc3 Rc8 30. Rxc8 Rxc8 31. Qe4 Rc5 32. b4 Rb5 33. Qc4 Qd4+ 34. Qxd4 exd4 35. Ra4 g5 36. f4 g4 37. Rxa7 Rxb4 38. Rd7 b5 39. Rd5 f6 40. Rd7+ Kg6 41. Rd8 h5 42. Rd5 Kh6 43. Rd6 Kg6 44. Rd5 Kh6 45. Kg2 Rb2 46. Kf2 1/2-1/2

[Event "Miedzybrodzie op"]
[Site "Miedzybrodzie"]
[Date "1991.??.??"]
[Round "10"]
[White "Krzywicki, Dariusz"]
[Black "Sapis, Witalis"]
[Result "0-1"]
[WhiteElo "2245"]
[BlackElo "2415"]
[PlyCount "108"]
[EventDate "1991.??.??"]
[EventType "swiss"]
[EventRounds "11"]
[EventCountry "POL"]
[SourceTitle "TD"]
[Source "ChessBase"]
[SourceDate "1994.03.01"]
[SourceVersion "1"]
[SourceVersionDate "1994.03.01"]
[SourceQuality "1"]

1. Nf3 Nf6 2. c4 c6 3. g3 d5 4. b3 Bg4 5. Bg2 e6 6. 0-0 Nbd7 7. Bb2 Be7 8. d3 0-0 9. Nbd2 a5 10. a3 Qb6 11. Qc2 Bh5 12. Bc3 Ne8 13. b4 axb4 14. axb4 Nef6 15. Qb2 Rfc8 16. Rfe1 Qd8 17. e4 c5 18. cxd5 exd5 19. e5 Ne8 20. d4 c4 21. Nf1 Nc7 22. Ne3 Nb6 23. Ra5 Na4 24. Qc2 Nxc3 25. Qxc3 b6 26. Rxa8 Rxa8 27. Nc2 Bg6 28. Rc1 Bxc2 29. Qxc2 Bxb4 30. Rb1 Ba5 31. h4 h6 32. Nh2 b5 33. Ng4 b4 34. Ne3 b3 35. Qf5 Rb8 36. Bh3 c3 37. Ra1 Bb6 38. Qg4 Ne6 39. Nf5 Kf8 40. Nd6 b2 41. Re1 Nxd4 42. Qh5 Qe7 43. Nf5 b1Q 44. Rxb1 Qxe5 45. Qg4 c2 46. Rf1 c1Q 47. Rxc1 Ne2+ 48. Kh2 Nxc1 49. Qb4+ Kg8 50. Ne7+ Kh8 51. Nc6 Qf6 52. Nxb8 Qxf2+ 53. Bg2 Nd3 54. Qb5 Qg1+ 0-1